Statistiken für Stahlsorten

Klicken Sie hier um das Quiz zu spielen!

Allgemein

  • Dieses Quiz wurde 9 mal gespielt
  • Das Durchschnittsergebnis liegt bei 4 aus 10

Antwortstatistiken

HintAntwort% Korrekt
3Automatenstahl
100%
4Einsatzstahl
57%
5Nitrierstahl
57%
6Vergütungsstahl
57%
2Feinkombaustahl
14%
7Kaltarbeitsstahl
14%
10Nichtrostender Stahl
14%
9Schnellarbeitsstahl
14%
1unlegierter Baustahl
14%
8Warmarbeitsstahl
14%

Verteilung der Resultate

Perzentil nach korrekt beantworteten Fragen

Anzahl Personen mit jedem Resultat

Ihre Resultats-Entwicklung

Sie haben dieses Quiz noch nicht gespielt